000 00612nam a2200157 a 4500
008 120416s2004 ||||||||||||||||| || u
050 _aIBRD(08)
100 _aEstache, Antonio
245 1 0 _aHave consumers benefited from the reforms in the electricity distribution sector in Latin America
260 _aWashington, D. C.
_bWorld Bank
_c2004
300 _a33p. : ill.
350 _a0.00
650 _aELECTRICITY SUPPLY--LATIN AMERICA
650 _aELECTRICITY
995 _D0.00
_FCBU-MAIN LIBRARY (Kitwe)
_H1
_I0.00
_UAVAILABLE
_ZInternational Publications
999 _c45393
_d45393